000 03001nam a22003378i 4500
001 99119749717804341
005 20250923133646.0
008 250106s2025 enk 000 0 eng d
015 _aGBC502954
_2bnb
020 _a9781009506960
_qPaperback
024 8 _aCIPO000184527
035 _a(OCoLC)1518030227
035 _a(OCoLC)on1518030227
040 _aUKMGB
_beng
_erda
_cUKMGB
_dOCLCO
_dNLE
041 _aEnglish
100 _aFeekery, Angela,
_eauthor.
_925958
245 1 0 _aCommunication skills for business professionals
_c/ Angela Feekery, Shawn Michael Condon, Mieke Witsel.
250 _aThird edition.
264 1 _aCambridge :
_bCambridge University Press,
_c2025.
300 _a434 pages
500 _a"Includes bonus enhanced ebook"--Cover.
505 _aPart 1 – Understanding communication — Exploring communication and decision-making — Exploring communication foundations — Communication as a process — Communicating persuasively — Part 2 – Communicating in organisations — Exploring organisational structure and communication — Exploring diversity and communication — Communicating workplace change, conflict management and negotiation — Working collaboratively — Part 3 – Professional communication strategies in practice — Engaging with information — Writing effective short messages — Crafting informative reports — Communicating in digital spaces — Speaking and presenting professionally — Facilitating effective meetings — Glossary — Index.
520 _aEffective communication is an essential skill all students need to succeed professionally. Based in theory and informed by practice, Communication Skills for Business Professionals takes readers through a range of basic communication concepts and demonstrates how they can be applied in business settings. The third edition has been restructured into three parts, respectively covering understanding communication, communicating in organisations and professional communication strategies in practice. The text has been updated to examine contemporary topics of increasing relevance, including the effects of AI on communication skills, intercultural competencies in business contexts and how to successfully facilitate virtual meetings in a post‒COVID-19 workplace. Each chapter includes short-answer questions, skill-builder activities and margin definitions to cement learning, while the two running case studies provide realistic examples of communication in practice. Communication Skills for Business Professionals remains an indispensable resource for business students wanting to improve their communication skills.
650 0 _aCommunication in management
_zAustralia.
650 0 _aBusiness communication
_zAustralia.
650 0 _aCommunication in management
_92095
650 0 _aBusiness communication
_94067
700 _aCondon, Shawn Michael,
_eauthor.
_925959
700 _aWitsel, Mieke,
_eauthor.
_925960
942 _2lcc
999 _c4981
_d4981